Chelseas Most Recent Transfers - Statistics

General Stats
  • This quiz has been taken 265 times
  • The average score is 5 of 8
Answer Stats
Position From To Answer % Correct
St €60,000,000 Real Madrid --------------- Alvaro Morata
92%
Gk Free Man.City --------------- Wilfredo Caballero
85%
Cm €35,000,000 Leicester --------------- Danny Drinkwater
83%
St €54,400,000 ---------------- At. Madrid Diego Costa
83%
Cdm €40,230,000 ---------------- Man. Utd Nemanjan Matic
81%
Cb Loan ---------------- Stoke City Kurt Zouma
51%
Cb Free ---------------- Aston Villa John Terry
50%
St Free ---------------- Las Palmas Loic Remy
21%
No matching quizzes found
Score Distribution
Percent of People with Each Score
Percentile by Number Answered
Your Score History
You have not taken this quiz